000 01013nam a2200277Ia 4500
999 _c49620
_d49620
001 16552
003 GE_BSU
005 20200131132153.0
008 181216s||||||||xx |||||||||||||| ||und||
020 _aISBN 9781891792908 (pbk.)
040 _cGE_BSU
080 _a378+376
245 _aUniversal design in higher education
245 _bfrom principles to practice
245 _cedited by: Sheryl Burgstahler, Rebecca Cory.
260 _aCambridge
260 _bHarvard Education Press,
260 _c2008
300 _axii, 308 p, ill; 26 cm.
541 _h69gel.
653 _aPeople with disabilities--Education,People with disabilities--Services for,Barrier-free design-,College buildings--Barrier-free design--United States. College students with disabilities--Services for--United States.
653 _aპედაგოგიკა
700 _aBurgstahler, Sheryl
_eრედაქტორი
_96626
700 _aCory, Rebecca
_eრედაქტორი
_96627
942 _cBK
_2udc